Trio a Violini Duobus et Basso
| Hlavní autor: | Neruda, Jan Křtitel Jiří, asi 1707-1780 |
|---|---|
| Vydáno: |
[1780?] |
| Témata: | |
| Externí odkaz: |
Digitalizovaný dokument (klikněte pro zobrazení)
Digitalizovaný dokument (klikněte pro zobrazení) Zobrazení hudebního incipitu Zobrazení hudebního incipitu Zobrazení hudebního incipitu Digitalizovaný dokument |
| Fyzický popis: |
3 rkp. hlasy [2, 2, 2 l.] ; 34 cm |
| LEADER | 02339ndm a2200457 a 4500 | ||
|---|---|---|---|
| 001 | 000911965 | ||
| 003 | CZ BrMZK | ||
| 005 | 20210721142346.0 | ||
| 007 | qu | ||
| 008 | 080912s1780 xx zzzef d | ||
| 031 | |a 01 |b 01 |c 01 |d Andante |m vl 1 |g G-2 |o 2/4 |p ''8C/GG'''C3C''BAG/6.A3G4G8A/6.A3G4G8A/ |r C |2 pe | ||
| 031 | |a 01 |b 02 |c 01 |d Allegro |m vl 1 |g G-2 |o c |p ''6CDEF8G'''C2''B/8'''C''GGGAG-G/4.F8E4.D8C/ |r C |2 pe | ||
| 031 | |a 01 |b 03 |c 01 |d Tempo di Menuet |m vl 1 |g G-2 |o 3/8 |p ''8GGF/6EF4G/6AF8ED/4C8D/ |r C |2 pe | ||
| 040 | |a BOA001 |b cze | ||
| 048 | |a sa02 |a sd01 | ||
| 072 | 7 | |a 787 |x Hudba pro strunné a smyčcové nástroje |2 Konspekt |9 9 | |
| 080 | |a 785.73 |2 MRF | ||
| 080 | |a 78.087 |2 MRF | ||
| 080 | |a (0.032)78 |2 MRF | ||
| 100 | 1 | |a Neruda, Jan Křtitel Jiří, |d asi 1707-1780 |7 jn20020322001 |4 cmp | |
| 240 | 1 | 0 | |a Tria, |m housle(2), kontrabas |
| 245 | 1 | 0 | |a Trio a Violini Duobus et Basso |h [rukopis] / |c del Sig: Neruda |
| 260 | |c [1780?] | ||
| 300 | |a 3 rkp. hlasy [2, 2, 2 l.] ; |c 34 cm | ||
| 561 | 1 | |a Provenience: Doksy, zámecká knihovna Valdštejnů, N. 3 |5 CZ-Bu | |
| 561 | 1 | |a Provenience: Praha, archiv dr. Antonína Němce |5 CZ-Bu | |
| 500 | |a Dostupné též v digitální podobě v aplikaci Kramerius | ||
| 650 | 0 | 4 | |a tria (housle (2), kontrabas) |
| 655 | 7 | |a hlasy |7 fd186703 |2 czenas | |
| 655 | 7 | |a hudební rukopisy |7 fd278469 |2 czenas | |
| 787 | 0 | 8 | |i Mikrofilm : |t Trio à Violinis Duobus et Basso |g Skř.17-0525.573 |
| 856 | 4 | 1 | |u https://imageserver.mzk.cz/mzk01/000/911/965/2619271742 |y Digitalizovaný dokument (klikněte pro zobrazení) |
| 856 | 4 | 1 | |u https://imageserver.mzk.cz/mzk01/000/911/965/2619271742_1 |y Digitalizovaný dokument (klikněte pro zobrazení) |
| 856 | 4 | 1 | |u http://audioserver.mzk.cz/incipity/png/000911965-010101.png |y Zobrazení hudebního incipitu |
| 856 | 4 | 1 | |u http://audioserver.mzk.cz/incipity/png/000911965-010201.png |y Zobrazení hudebního incipitu |
| 856 | 4 | 1 | |u http://audioserver.mzk.cz/incipity/png/000911965-010301.png |y Zobrazení hudebního incipitu |
| 856 | 4 | 1 | |u http://www.digitalniknihovna.cz/mzk/view/uuid:e3484920-cb26-4694-9c5b-3c35e68d87ab |y Digitalizovaný dokument |
| 910 | |a BOA001 |b RKPMus-0691.717 | ||
| 990 | |a MU | ||
| 991 | |b 200809 | ||
| 996 | 6 | |b 2619271742 |c RKPMus-0691.717 |l Stud. starých tisků/4.patro |r Sklad / do násl. otevíracího dne |n 2 |w 000911965 |u 000010 |a 1 |e BOA001 |j MZK50 |s P | |
English
Čeština 